<?xml version="1.0" encoding="UTF-8"?>
<record
    xmlns:xsi="http://www.w3.org/2001/XMLSchema-instance"
    xsi:schemaLocation="http://www.loc.gov/MARC21/slim http://www.loc.gov/standards/marcxml/schema/MARC21slim.xsd"
    xmlns="http://www.loc.gov/MARC21/slim">

  <leader>00425nam a22001817a 4500</leader>
  <controlfield tag="005">20170920123350.0</controlfield>
  <controlfield tag="008">160916b        xxu||||| |||| 00| 0 eng d</controlfield>
  <datafield tag="020" ind1=" " ind2=" ">
    <subfield code="a">978-93-325-5508-2</subfield>
  </datafield>
  <datafield tag="041" ind1=" " ind2=" ">
    <subfield code="a">eng</subfield>
  </datafield>
  <datafield tag="082" ind1=" " ind2=" ">
    <subfield code="a">621.3822</subfield>
  </datafield>
  <datafield tag="100" ind1=" " ind2=" ">
    <subfield code="a">STREETMAN , BEN  G</subfield>
    <subfield code="9">3967</subfield>
  </datafield>
  <datafield tag="245" ind1=" " ind2=" ">
    <subfield code="a">SOLID STATE ELECTRONIC DIVICES</subfield>
  </datafield>
  <datafield tag="250" ind1=" " ind2=" ">
    <subfield code="a">6th</subfield>
  </datafield>
  <datafield tag="260" ind1=" " ind2=" ">
    <subfield code="b">PEARSON</subfield>
    <subfield code="c">2016</subfield>
  </datafield>
  <datafield tag="300" ind1=" " ind2=" ">
    <subfield code="a">581</subfield>
  </datafield>
  <datafield tag="650" ind1=" " ind2=" ">
    <subfield code="a">ENGINEERING</subfield>
    <subfield code="9">3968</subfield>
  </datafield>
  <datafield tag="942" ind1=" " ind2=" ">
    <subfield code="c">BK</subfield>
  </datafield>
  <datafield tag="999" ind1=" " ind2=" ">
    <subfield code="c">5249</subfield>
    <subfield code="d">5247</subfield>
  </datafield>
  <datafield tag="952" ind1=" " ind2=" ">
    <subfield code="0">0</subfield>
    <subfield code="1">0</subfield>
    <subfield code="4">0</subfield>
    <subfield code="7">0</subfield>
    <subfield code="8">REF</subfield>
    <subfield code="a">JRU</subfield>
    <subfield code="b">MAIN</subfield>
    <subfield code="c">SHELF -72 -F</subfield>
    <subfield code="d">2016-09-16</subfield>
    <subfield code="e">PURCHASE</subfield>
    <subfield code="g">539.00</subfield>
    <subfield code="l">0</subfield>
    <subfield code="o">621.3822</subfield>
    <subfield code="p">21241</subfield>
    <subfield code="r">2016-09-16 00:00:00</subfield>
    <subfield code="w">2016-09-16</subfield>
    <subfield code="y">BK</subfield>
  </datafield>
  <datafield tag="952" ind1=" " ind2=" ">
    <subfield code="0">0</subfield>
    <subfield code="1">0</subfield>
    <subfield code="4">0</subfield>
    <subfield code="7">0</subfield>
    <subfield code="8">MINING</subfield>
    <subfield code="a">JRU</subfield>
    <subfield code="b">JRU</subfield>
    <subfield code="c">SHELF-58-F</subfield>
    <subfield code="d">2016-09-16</subfield>
    <subfield code="e">PURCHASE</subfield>
    <subfield code="g">539.00</subfield>
    <subfield code="l">1</subfield>
    <subfield code="m">2</subfield>
    <subfield code="o">621.3822</subfield>
    <subfield code="p">21242</subfield>
    <subfield code="r">2018-02-03 00:00:00</subfield>
    <subfield code="s">2016-10-14</subfield>
    <subfield code="w">2016-09-16</subfield>
    <subfield code="y">BK</subfield>
  </datafield>
  <datafield tag="952" ind1=" " ind2=" ">
    <subfield code="0">0</subfield>
    <subfield code="1">0</subfield>
    <subfield code="4">0</subfield>
    <subfield code="7">0</subfield>
    <subfield code="8">MINING</subfield>
    <subfield code="a">JRU</subfield>
    <subfield code="b">JRU</subfield>
    <subfield code="c">SHELF-58-F</subfield>
    <subfield code="d">2016-09-16</subfield>
    <subfield code="e">PURCHASE</subfield>
    <subfield code="g">539.00</subfield>
    <subfield code="l">4</subfield>
    <subfield code="o">621.3822</subfield>
    <subfield code="p">21243</subfield>
    <subfield code="r">2019-01-10 00:00:00</subfield>
    <subfield code="s">2019-01-08</subfield>
    <subfield code="w">2016-09-16</subfield>
    <subfield code="y">BK</subfield>
  </datafield>
  <datafield tag="952" ind1=" " ind2=" ">
    <subfield code="0">0</subfield>
    <subfield code="1">0</subfield>
    <subfield code="4">0</subfield>
    <subfield code="7">0</subfield>
    <subfield code="a">JRU</subfield>
    <subfield code="b">MAIN</subfield>
    <subfield code="c">SHELF-35-J</subfield>
    <subfield code="d">2017-09-20</subfield>
    <subfield code="e">Purchase</subfield>
    <subfield code="g">589.00</subfield>
    <subfield code="l">0</subfield>
    <subfield code="o">621.3822</subfield>
    <subfield code="p">22044</subfield>
    <subfield code="r">2017-09-20 00:00:00</subfield>
    <subfield code="w">2017-09-20</subfield>
    <subfield code="y">BK</subfield>
  </datafield>
  <datafield tag="952" ind1=" " ind2=" ">
    <subfield code="0">0</subfield>
    <subfield code="1">0</subfield>
    <subfield code="4">0</subfield>
    <subfield code="7">0</subfield>
    <subfield code="a">JRU</subfield>
    <subfield code="b">MAIN</subfield>
    <subfield code="c">SHELF-35-J</subfield>
    <subfield code="d">2017-09-20</subfield>
    <subfield code="e">Purchase</subfield>
    <subfield code="g">589.00</subfield>
    <subfield code="l">1</subfield>
    <subfield code="o">621.3822</subfield>
    <subfield code="p">22045</subfield>
    <subfield code="r">2017-11-21 00:00:00</subfield>
    <subfield code="s">2017-11-02</subfield>
    <subfield code="w">2017-09-20</subfield>
    <subfield code="y">BK</subfield>
  </datafield>
</record>
